00210pam a2200085 a 4500020000500000041000500005100002500010245004000035260004900075 c h aPEKOWSKY (L)eauthor aJAVA Server PageshTextual Document bAddison Wesley Publishing Co New York,c2000